| 000 | 00607nam a2200205Ia 4500 | ||
|---|---|---|---|
| 008 | 160319s9999 xx 000 0 und d | ||
| 020 | _a9789715426398 | ||
| 050 | _a899.210301 | ||
| 050 | _b.U55 2010 vol. 2 | ||
| 245 | _aUnderground spirit : | ||
| 245 | _bPhilippine short stories in English; 1973 to 1989 Vol. 2 1983 - 1989 / | ||
| 245 | _cedited by Gemino H. Abad. | ||
| 260 | _aQuezon City : | ||
| 260 | _bUniversity of the Philippines Press, | ||
| 260 | _c2010 | ||
| 300 | _a641 pages ; | ||
| 300 | _c23 cm. | ||
| 650 | _aShort stories, Philippine (English) | ||
| 700 | _aAbad, Gemino. | ||
| 999 |
_c292385 _d292385 |
||